000 00393nam a22001457a 4500
999 _c7691
_d7689
005 20210320135619.0
008 210320b ||||| |||| 00| 0 eng d
082 _a346.066
100 _aAIYAR, A.N.
_96466
245 _aCOMPANY CASES THE CORPORATE LAW WEEKLY [175]
260 _aCHENNAI
_bCOMPANY LAW INSTITUTE OF INDIA
_c2012
300 _a548,i- xxvii,p
650 _aLAW
_95701
942 _cJRL